Countries Tate McRae has Visited - Statistics

General Stats
  • This quiz has been taken 24 times
  • The average score is 23 of 28
Answer Stats
Continent Country % Correct
North America United States of America
100%
Oceania Australia
95%
South America Brazil
95%
North America Canada
95%
Europe France
95%
Europe Italy
95%
Europe Germany
86%
North America Mexico
86%
Europe Spain
86%
Europe Sweden
86%
Europe United Kingdom
86%
South America Argentina
81%
South America Chile
81%
South America Colombia
81%
Asia Japan
81%
Europe Netherlands
81%
Oceania New Zealand
81%
Europe Norway
81%
Europe Portugal
81%
Europe Ireland
76%
Europe Austria
71%
Europe Czech Republic
71%
Europe Denmark
71%
Europe Poland
71%
Europe Switzerland
71%
Asia Philippines
62%
Asia Singapore
57%
Asia Thailand
57%
No matching quizzes found
Score Distribution
Percent of People with Each Score
Percentile by Number Answered
Your Score History
You have not taken this quiz